[Event "PRO League Group Stage"]
[Site "chess.com INT"]
[Date "2018.02.04"]
[Round "4"]
[White "Hansen, Torbjorn Ringdal"]
[Black "Sebenik, Matej"]
[Result "0-1"]
[WhiteTitle "GM"]
[BlackTitle "GM"]
[WhiteElo "2410"]
[BlackElo "2551"]
[WhiteTeam "Norway Gnomes"]
[BlackTeam "Ljubljana Turtles"]
[WhiteFideId "1501720"]
[BlackFideId "14602296"]
[EventDate "2018.01.18"]

1. e4 c5 2. Nf3 Nc6 3. d4 cxd4 4. Nxd4 Nf6 5. Nc3 e5 6. Ndb5 d6 7. Bg5 a6 8. Na3
b5 9. Nd5 Be7 10. Bxf6 Bxf6 11. c4 b4 12. Nc2 O-O 13. g3 a5 14. Nce3 Nd4 15. Bg2
Bg5 16. O-O Bxe3 17. Nxe3 Be6 18. Rc1 a4 19. Nf5 Bxf5 20. exf5 Ra5 21. f4 Nxf5
22. Qd3 Qb6+ 23. Kh1 g6 24. Bd5 Qd4 25. Qxd4 exd4 26. Rfd1 Re8 27. Rd2 h5 28.
Kg1 Re3 29. Kf2 a3 30. b3 Ra7 31. Rxd4 Rxb3 32. Rd2 Rb2 33. Rxb2 axb2 34. Rb1
Rxa2 35. c5 Ra1 36. Rxb2 dxc5 37. Rc2 Ra5 38. Rd2 Ra3 39. Rc2 Rc3 40. Rxc3 bxc3
41. Ke2 Nd4+ 42. Kd3 c2 43. Kd2 Kg7 44. h3 Kf6 45. Bc4 Ke7 46. Bd5 f6 47. Bc4 g5
48. fxg5 fxg5 49. h4 g4 50. Bd3 Kf6 51. Bxc2 Nxc2 0-1

[Event "PRO League Group Stage"]
[Site "chess.com INT"]
[Date "2018.02.04"]
[Round "4"]
[White "Hansen, Torbjorn Ringdal"]
[Black "Rendle, Thomas E"]
[Result "1-0"]
[WhiteTitle "GM"]
[BlackTitle "IM"]
[WhiteElo "2410"]
[BlackElo "2362"]
[WhiteTeam "Norway Gnomes"]
[BlackTeam "London Towers"]
[WhiteFideId "1501720"]
[BlackFideId "408760"]
[EventDate "2018.01.18"]

1. e4 e6 2. d4 d5 3. Nd2 Be7 4. e5 c5 5. c3 Nc6 6. Bd3 Nh6 7. Ndf3 Nf5 8. Ne2
O-O 9. O-O cxd4 10. cxd4 Qb6 11. Bxf5 exf5 12. Bg5 Qxb2 13. a4 h6 14. Bxe7 Nxe7
15. Nf4 b6 16. Nd3 Qc3 17. Rc1 Qa3 18. Nf4 Ba6 19. Re1 Rac8 20. Ra1 Qb2 21. a5
Bc4 22. axb6 Qxb6 23. Qd2 Rb8 24. e6 f6 25. Nh5 a6 26. h4 Qd6 27. Rac1 Rb3 28.
Rc3 Rxc3 29. Qxc3 Rb8 30. Qd2 Kh7 31. g3 Rb3 32. Kg2 Rd3 33. Qb2 Qa3 34. Qb8 Ng6
35. e7 Bb5 36. e8=Q Bxe8 37. Rxe8 Rxf3 38. Nxf6+ gxf6 39. Qc7+ Ne7 40. Rxe7+ Kg6
41. Rg7+ Kh5 42. Qf7# 1-0

[Event "PRO League Group Stage"]
[Site "chess.com INT"]
[Date "2018.02.04"]
[Round "4"]
[White "Chizhikov, Vladislav"]
[Black "Thorfinnsson, Bjorn"]
[Result "1-0"]
[WhiteTitle "FM"]
[BlackTitle "IM"]
[WhiteElo "2313"]
[BlackElo "2400"]
[WhiteTeam "Volga Stormbringers"]
[BlackTeam "Reykjavik Puffins"]
[WhiteFideId "4178157"]
[BlackFideId "2300982"]
[EventDate "2018.01.18"]

1. e4 e5 2. Nf3 Nc6 3. Nc3 Nf6 4. Be2 d6 5. d4 Be7 6. O-O O-O 7. h3 h6 8. Be3
Nh7 9. Nd5 Bd7 10. c3 Kh8 11. Nh2 f5 12. exf5 Bxf5 13. Nxe7 Qxe7 14. d5 Nd8 15.
Bg4 Bxg4 16. Qxg4 Nf6 17. Qc4 Nf7 18. Rae1 Qd7 19. f4 b6 20. a4 Rae8 21. Nf3
exf4 22. Bxf4 Rxe1 23. Rxe1 Qf5 24. Rd1 Re8 25. Qxc7 Nxd5 26. Qc6 Nf6 27. Bg3
Qg6 28. Bf2 Re2 29. Rd2 Re7 30. Bd4 Qb1+ 31. Kh2 Qf5 32. Rf2 Ne4 33. Re2 Qf4+
34. Kg1 Kh7 35. Re1 Nfg5 36. Nxg5+ hxg5 37. Qc4 d5 38. Qe2 Qh4 39. Bf2 Qh6 40.
Qd3 Qe6 41. Bd4 g6 42. Rf1 g4 43. Rf4 g5 44. Rxg4 Qf5 45. Qf3 Qxf3 46. gxf3 Nd2
47. Kf2 Nc4 48. Rxg5 Nxb2 49. a5 bxa5 50. Rxd5 a4 51. Ra5 Rb7 52. h4 Kg6 53. Kg3
Rb3 54. h5+ Kh6 55. Kg4 a3 56. Ra6+ Kh7 57. Rxa7+ Kh6 58. Be3# 1-0

[Event "PRO League Group Stage"]
[Site "chess.com INT"]
[Date "2018.02.04"]
[Round "4"]
[White "Bordi, Kevin"]
[Black "Kunitson, Nikolai"]
[Result "1/2-1/2"]
[WhiteElo "2282"]
[BlackElo "2053"]
[WhiteTeam "Cannes Blockbusters"]
[BlackTeam "Estonia Horses"]
[WhiteFideId "621862"]
[BlackFideId "4502426"]
[EventDate "2018.01.18"]

1. g4 d6 2. g5 g6 3. d4 h5 4. h4 Bg7 5. e4 e5 6. dxe5 Bxe5 7. f4 Bg7 8. Nc3 Ne7
9. Be3 Bg4 10. Qd2 Nbc6 11. Nge2 Qd7 12. O-O-O O-O-O 13. Re1 d5 14. exd5 Nxd5
15. Nxd5 Qxd5 16. Qxd5 Rxd5 17. Bg2 Rdd8 18. Nc3 a6 19. Bf2 Rhe8 20. Nd5 Nd4 21.
Rxe8 Rxe8 22. Re1 Rxe1+ 23. Bxe1 Nf5 24. c3 c6 25. Nb6+ Kc7 26. Nc4 b5 27. Na5
c5 28. Bf2 Bf8 29. Nc6 Bd6 30. Ne5 Bxe5 31. fxe5 c4 32. Kd2 Ne7 33. Ke3 Bd7 34.
Be4 Bc6 35. Bc2 Bd5 36. Kf4 Kc6 37. Ba7 Kd7 38. Bc5 Nc6 39. a4 Ke6 40. Bd6 Kd7
41. Bc5 Ke6 42. Bd6 Kd7 43. Bd1 Ke6 44. axb5 axb5 45. Be2 Kd7 46. Bf1 Nd8 47.
Ke3 Ne6 48. Bh3 Kc6 49. Bb4 Ng7 50. Kf4 Be6 51. Bg2+ Bd5 52. Bh3 Ne6+ 53. Ke3
Ng7 54. Kd4 Ne6+ 55. Ke3 Ng7 56. Ba3 Be6 57. Bg2+ Bd5 58. Bh3 Be6 59. Bg2+ Bd5
60. Bh3 Ne6 61. Be7 Kb6 62. Bb4 Ka6 63. Bf1 Ng7 64. Bh3 Be6 65. Bg2 Nf5+ 66. Kf4
Nxh4 67. Be4 Kb6 68. Be7 Nf5 69. Bd8+ Ka6 70. Bxf5 Bxf5 71. Be7 h4 72. Bc5 h3
73. Bg1 Ka5 74. Ke3 Ka4 75. Kd2 Ka5 76. Ke3 Ka6 77. Ke2 Kb7 78. Ke3 Kc7 79. Kd4
Kc6 80. Bh2 Be6 81. Bg3 Kb6 82. Bh2 Ka5 83. Ke3 Ka4 84. Kd2 Kb3 85. Kc1 b4 86.
cxb4 Kxb4 87. Kc2 Bf5+ 88. Kd2 Kc5 89. Ke3 Kb4 90. Kd2 Kb3 91. Kc1 c3 92. bxc3
Kxc3 93. Kd1 Kd3 94. Ke1 Ke3 95. Kf1 Kf3 96. Kg1 Bd3 97. Kh1 Kg4 98. Kg1 Kxg5
99. Kf2 Kf5 100. Bg3 Be4 101. Bh2 Kg4 102. Bg3 Kf5 103. Bh2 Bg2 104. Bg3 Ke6
105. Bh2 f5 106. exf6 Kxf6 107. Bg3 Kf5 108. Bh2 g5 109. Bg3 Ke4 110. Bh2 Bf3
111. Bg3 Bh5 112. Bh2 Be8 113. Bg3 Bd7 114. Bh2 Kf5 115. Bg3 Kg6 116. Bh2 Kh5
117. Bg3 Kg4 118. Bh2 1/2-1/2

[Event "PRO League Group Stage"]
[Site "chess.com INT"]
[Date "2018.02.04"]
[Round "4"]
[White "Bordi, Kevin"]
[Black "Reimanis, Ritvars"]
[Result "0-1"]
[BlackTitle "FM"]
[WhiteElo "2282"]
[BlackElo "2335"]
[WhiteTeam "Cannes Blockbusters"]
[BlackTeam "Riga Magicians"]
[WhiteFideId "621862"]
[BlackFideId "11602988"]
[EventDate "2018.01.18"]

1. d4 e6 2. Nf3 d5 3. e3 f5 4. c4 c6 5. Nc3 Nf6 6. Be2 Bd6 7. Qc2 Ne4 8. Ne5 O-O
9. f3 Qh4+ 10. g3 Nxg3 11. hxg3 Qxh1+ 12. Kd2 Qh2 13. b3 Qxg3 14. Nd3 Nd7 15.
Bb2 Nf6 16. Rh1 f4 17. exf4 Bxf4+ 18. Kd1 Be3 19. Ne5 Qg2 20. Re1 Bxd4 21. Nd3
e5 22. cxd5 cxd5 23. Ba3 Bd7 24. Bxf8 Rxf8 25. Qd2 Rc8 26. Nf4 Bxc3 27. Nxg2
Bxd2 28. Kxd2 Bf5 29. Bd1 Re8 30. Ne3 Bg6 31. Be2 d4 32. Bc4+ Kf8 33. Ng2 Bf7
34. Bd3 Bd5 35. Rf1 g6 36. Ne1 Kg7 37. Nc2 Nh5 38. Nb4 Nf4 39. Rc1 Bxf3 40. Rc7+
Kh6 41. Rxb7 Bxb7 0-1

[Event "PRO League Group Stage"]
[Site "chess.com INT"]
[Date "2018.02.04"]
[Round "4"]
[White "Vaibhav, Suri"]
[Black "Pantsulaia, Levan"]
[Result "1/2-1/2"]
[WhiteTitle "GM"]
[BlackTitle "GM"]
[WhiteElo "2542"]
[BlackElo "2605"]
[WhiteTeam "Delhi Dynamite"]
[BlackTeam "Stockholm Snowballs"]
[WhiteFideId "5045185"]
[BlackFideId "13602071"]
[EventDate "2018.01.18"]

1. d4 Nf6 2. c4 e6 3. Nf3 c5 4. d5 exd5 5. cxd5 d6 6. Nc3 g6 7. e4 Bg7 8. h3 O-O
9. Bd3 Re8 10. O-O Nbd7 11. Bf4 c4 12. Bc2 Nc5 13. Re1 b5 14. Nxb5 Nfxe4 15.
Bxe4 Nxe4 16. Qc2 Qb6 17. a4 Bf5 18. Be3 Qa5 19. Qxc4 Rac8 20. Qa2 a6 21. Nbd4
Bd7 22. Nc6 Bxc6 23. dxc6 Rxc6 24. Rad1 Rcc8 25. Bd4 Bxd4 26. Rxd4 Ng5 27. Rxe8+
Rxe8 28. Nxg5 Qxg5 29. Rd1 Re2 30. Qc4 Rxb2 31. Qc8+ Kg7 32. Qc3+ Qe5 33. Qxe5+
dxe5 34. Rd6 1/2-1/2

[Event "PRO League Group Stage"]
[Site "chess.com INT"]
[Date "2018.02.04"]
[Round "4"]
[White "Volodin, Aleksandr"]
[Black "Vachier-Lagrave, Maxime"]
[Result "0-1"]
[WhiteTitle "GM"]
[BlackTitle "GM"]
[WhiteElo "2462"]
[BlackElo "2793"]
[WhiteTeam "Estonia Horses"]
[BlackTeam "Marseille Migraines"]
[WhiteFideId "4501950"]
[BlackFideId "623539"]
[EventDate "2018.01.18"]

1. d4 Nf6 2. c4 g6 3. Nf3 Bg7 4. g3 c6 5. Bg2 d5 6. cxd5 cxd5 7. O-O O-O 8. Nc3
Ne4 9. Qb3 Nxc3 10. Qxc3 Nc6 11. Bf4 Bg4 12. Rfd1 Rc8 13. Qb3 Bxf3 14. Bxf3 Nxd4
15. Qxb7 e6 16. Rac1 Nxf3+ 17. exf3 Rxc1 18. Rxc1 Qb6 19. Qxb6 axb6 20. Rc6 Bxb2
21. Rxb6 Bd4 22. Rb8 e5 23. Rxf8+ Kxf8 24. Be3 Bxe3 25. fxe3 Ke7 26. Kf1 Kd6 27.
Ke2 Kc5 28. Kd3 Kb4 29. h4 h6 30. f4 f6 31. g4 g5 32. hxg5 hxg5 33. fxe5 fxe5
34. Kc2 Ka3 35. Kc3 Kxa2 36. Kb4 Kb2 37. Kc5 d4 38. exd4 e4 39. d5 e3 40. d6 e2
41. d7 e1=Q 42. d8=Q Qc1+ 43. Kd6 Qf4+ 44. Ke7 Qxg4 45. Qd2+ Kb3 46. Qd3+ Kb4
47. Kf6 Qf4+ 48. Kg6 g4 49. Kh5 g3 50. Qb1+ Kc3 51. Qe1+ Kd3 52. Qd1+ Ke4 53.
Qc2+ Kf3 54. Qd1+ Kg2 55. Qe1 Kh2 56. Qe2+ g2 57. Qd3 Qe5+ 58. Kh4 Qh8+ 59. Kg4
g1=Q+ 0-1

[Event "PRO League Group Stage"]
[Site "chess.com INT"]
[Date "2018.02.04"]
[Round "4"]
[White "Volodin, Aleksandr"]
[Black "Meier, Georg"]
[Result "0-1"]
[WhiteTitle "GM"]
[BlackTitle "GM"]
[WhiteElo "2462"]
[BlackElo "2647"]
[WhiteTeam "Estonia Horses"]
[BlackTeam "Stockholm Snowballs"]
[WhiteFideId "4501950"]
[BlackFideId "4675789"]
[EventDate "2018.01.18"]

1. d4 e6 2. g3 d5 3. Nf3 Nf6 4. Bg2 b5 5. a4 b4 6. O-O Nbd7 7. Ne5 Nxe5 8. dxe5
Nd7 9. e4 d4 10. f4 Ba6 11. Re1 h5 12. h4 Nc5 13. Kh2 Be7 14. Nd2 d3 15. Nf3
dxc2 16. Qxc2 Bd3 17. Qf2 Bxe4 18. Qg1 O-O 19. Be3 Nd3 20. Red1 c5 21. Ne1 Bxg2
22. Qxg2 Nxe1 23. Qe2 Qc7 24. Rxe1 g6 25. Rac1 Rfd8 26. Rc4 Qc6 27. b3 Rd7 28.
Rec1 Rad8 29. R1c2 Rd1 30. Qg2 Qxg2+ 31. Kxg2 R1d3 32. Bxc5 Bxc5 33. Rxc5 Rxb3
34. Rc8 Rd3 35. R8c7 a5 36. Kh3 R8d4 37. Rf2 b3 38. Rb7 Rxa4 39. Rf1 Rb4 40.
Rxb4 axb4 41. Rc1 Rc3 42. Rd1 b2 0-1

[Event "PRO League Group Stage"]
[Site "chess.com INT"]
[Date "2018.02.04"]
[Round "4"]
[White "Volodin, Aleksandr"]
[Black "Tran, Tuan Minh"]
[Result "0-1"]
[WhiteTitle "GM"]
[BlackTitle "GM"]
[WhiteElo "2462"]
[BlackElo "2548"]
[WhiteTeam "Estonia Horses"]
[BlackTeam "London Lions"]
[WhiteFideId "4501950"]
[BlackFideId "12401820"]
[EventDate "2018.01.18"]

1. d4 Nf6 2. Bg5 e6 3. Nd2 h6 4. Bh4 c5 5. e3 Nc6 6. c3 d5 7. Bd3 Qb6 8. Rb1 e5
9. dxc5 Qxc5 10. Ne2 Be7 11. O-O Be6 12. b4 Qd6 13. e4 Rd8 14. exd5 Qxd5 15. Nc1
g5 16. b5 gxh4 17. bxc6 bxc6 18. Qe2 h3 19. Ne4 hxg2 20. Re1 Kf8 21. Nxf6 Bxf6
22. Be4 Qd2 23. Nb3 Qxe2 24. Rxe2 Bd5 25. Nc5 Bc4 26. Reb2 Be7 27. Nb7 Rc8 28.
Rd1 Be6 29. Na5 Rg8 30. Nxc6 Bc5 31. Nxe5 Ke7 32. Rb7+ Kf6 33. Nd7+ Bxd7 34.
Rdxd7 Bxf2+ 35. Kxf2 g1=Q+ 36. Ke2 Qxh2+ 37. Ke3 Rg3+ 38. Kd4 Qd2+ 39. Bd3 Qxd3# 0-1

[Event "PRO League Group Stage"]
[Site "chess.com INT"]
[Date "2018.02.04"]
[Round "4"]
[White "Volodin, Aleksandr"]
[Black "Fontaine, Robert"]
[Result "1/2-1/2"]
[WhiteTitle "GM"]
[BlackTitle "GM"]
[WhiteElo "2462"]
[BlackElo "2563"]
[WhiteTeam "Estonia Horses"]
[BlackTeam "Cannes Blockbusters"]
[WhiteFideId "4501950"]
[BlackFideId "605590"]
[EventDate "2018.01.18"]

1. d4 Nf6 2. c4 g6 3. Nf3 Bg7 4. g3 O-O 5. Bg2 d6 6. O-O c6 7. b3 a6 8. Bb2 b5
9. Nbd2 Nbd7 10. Qc2 Bb7 11. Rfe1 Qb8 12. e4 e5 13. dxe5 dxe5 14. c5 a5 15. a3
Qc7 16. b4 Rfe8 17. Nb3 a4 18. Nc1 Nf8 19. Nd3 N6d7 20. h4 Rad8 21. Rad1 Bc8 22.
Bc3 Ne6 23. Qb2 f6 24. Rd2 Bh6 25. Rdd1 Ndf8 26. Nfxe5 fxe5 27. Bxe5 Qf7 28. Bd6
Bg7 29. e5 Bd7 30. f4 Bh6 31. Rf1 Ng7 32. Nf2 Nf5 33. Qc3 Bg7 34. Ne4 Qb3 35.
Rd3 Qxc3 36. Rxc3 h5 37. Ng5 Ne6 38. Nxe6 Rxe6 39. Rd1 Rc8 40. Be4 Be8 41. Bb1
Bf7 42. Kh2 Ree8 43. Be4 Be6 44. Rcd3 Kf7 45. Bf3 Bc4 46. Rc3 Bb3 47. Rd2 Be6
48. Be4 Red8 49. Rcd3 Bc4 50. Rc3 Be6 51. Rcd3 Bc4 52. Rc3 Be6 53. Rcd3 1/2-1/2

[Event "PRO League Group Stage"]
[Site "chess.com INT"]
[Date "2018.02.04"]
[Round "4"]
[White "Atalik, Suat"]
[Black "Swapnil, S. Dhopade"]
[Result "1-0"]
[WhiteTitle "GM"]
[BlackTitle "GM"]
[WhiteElo "2538"]
[BlackElo "2533"]
[WhiteTeam "Amsterdam Mosquitoes"]
[BlackTeam "Mumbai Movers"]
[WhiteFideId "14401487"]
[BlackFideId "5019184"]
[EventDate "2018.01.18"]

1. d4 Nf6 2. c4 c5 3. d5 b5 4. cxb5 a6 5. bxa6 g6 6. Nc3 Bg7 7. e4 O-O 8. Be2 d6
9. Nf3 Qa5 10. O-O Bxa6 11. e5 dxe5 12. Nxe5 Rd8 13. Bxa6 Qxa6 14. Qf3 Ra7 15.
Be3 Rc7 16. Rad1 Rf8 17. Bg5 c4 18. Rfe1 Ne8 19. Ng4 f6 20. Bf4 Rd7 21. Bxb8 Qb7
22. Bf4 Qxb2 23. Qe4 Kh8 24. Qxc4 f5 25. Ne5 Rc7 26. Nxg6+ hxg6 27. Bxc7 Bxc3
28. Qxc3+ Qxc3 29. Be5+ Qxe5 30. Rxe5 Rf7 31. Rde1 Nf6 32. Rxe7 Rf8 33. d6 Rd8
34. d7 Nxd7 35. Rd1 1-0

[Event "PRO League Group Stage"]
[Site "chess.com INT"]
[Date "2018.02.04"]
[Round "4"]
[White "Atalik, Suat"]
[Black "Tari, Aryan"]
[Result "0-1"]
[WhiteTitle "GM"]
[BlackTitle "GM"]
[WhiteElo "2538"]
[BlackElo "2599"]
[WhiteTeam "Amsterdam Mosquitoes"]
[BlackTeam "Norway Gnomes"]
[WhiteFideId "14401487"]
[BlackFideId "1510045"]
[EventDate "2018.01.18"]

1. d4 d5 2. c4 dxc4 3. Nf3 Nf6 4. e3 b5 5. a4 b4 6. Nbd2 e6 7. Nxc4 Be7 8. Nfe5
O-O 9. Be2 c5 10. dxc5 Bxc5 11. O-O Bb7 12. Bf3 Bxf3 13. Qxf3 Nbd7 14. b3 Nxe5
15. Nxe5 Rc8 16. Rd1 Qc7 17. Bb2 Rfd8 18. Rac1 Rxd1+ 19. Qxd1 Rd8 20. Qe2 Qd6
21. h3 Ne4 22. Nc4 Qd3 23. Qxd3 Rxd3 24. Na5 f5 25. Bd4 Nc3 26. Bxc3 bxc3 27.
Kf1 e5 28. Nc6 e4 29. b4 Bd6 30. b5 Bc5 31. a5 Kf8 32. g4 f4 33. Ne5 fxe3 34. b6
axb6 35. a6 b5 36. fxe3 b4 37. Ke2 Rxe3+ 38. Kd1 Ke7 39. Nc6+ Kd6 40. Nxb4 Bxb4
41. a7 c2+ 42. Rxc2 Re1# 0-1

[Event "PRO League Group Stage"]
[Site "chess.com INT"]
[Date "2018.02.04"]
[Round "4"]
[White "Atalik, Suat"]
[Black "Andriasian, Zaven"]
[Result "1-0"]
[WhiteTitle "GM"]
[BlackTitle "GM"]
[WhiteElo "2538"]
[BlackElo "2585"]
[WhiteTeam "Amsterdam Mosquitoes"]
[BlackTeam "Armenia Eagles"]
[WhiteFideId "14401487"]
[BlackFideId "13302000"]
[EventDate "2018.01.18"]

1. d4 d5 2. c4 c6 3. Nf3 Nf6 4. Nc3 dxc4 5. a4 Bf5 6. Ne5 Nbd7 7. Nxc4 Qc7 8. g3
e5 9. dxe5 Nxe5 10. Bf4 Nfd7 11. Qc1 Be6 12. Nxe5 Nxe5 13. Bg2 Bb4 14. O-O f6
15. Nd5 Bxd5 16. Bxd5 O-O-O 17. Bg2 a5 18. Qc2 Kb8 19. Rad1 g5 20. Bc1 h5 21.
Qf5 Qe7 22. h3 Ka8 23. b3 h4 24. g4 Rxd1 25. Rxd1 Rd8 26. Rxd8+ Qxd8 27. Be3
Qd1+ 28. Bf1 Nd7 29. Kg2 Qd6 30. Qe4 Nc5 31. Bxc5 Bxc5 32. e3 Ka7 33. Bc4 Qd2
34. Qd3 Qb2 35. Kf3 Qe5 36. Qf5 Qd6 37. Be6 Qe7 38. Bc4 Bb6 39. Qe6 Qd8 40. Qf7
Qd6 41. Qe6 Qh2 42. Qxf6 Qxh3+ 43. Ke2 Qxg4+ 44. Qf3 Qg1 45. Be6 Qg2 46. Qxg2 1-0

[Event "PRO League Group Stage"]
[Site "chess.com INT"]
[Date "2018.02.04"]
[Round "4"]
[White "Atalik, Suat"]
[Black "Vaibhav, Suri"]
[Result "0-1"]
[WhiteTitle "GM"]
[BlackTitle "GM"]
[WhiteElo "2538"]
[BlackElo "2542"]
[WhiteTeam "Amsterdam Mosquitoes"]
[BlackTeam "Delhi Dynamite"]
[WhiteFideId "14401487"]
[BlackFideId "5045185"]
[EventDate "2018.01.18"]

1. d4 d5 2. c4 e6 3. Nc3 a6 4. cxd5 exd5 5. Bf4 c6 6. e3 Bd6 7. Qf3 Ne7 8. Bd3
O-O 9. Nge2 Ng6 10. Bxd6 Qxd6 11. Qg3 Qb4 12. Rb1 Nd7 13. h4 Ne7 14. a3 Qa5 15.
h5 h6 16. Qf4 Nf6 17. f3 Nh7 18. Kf2 Ng5 19. Ng3 Qd8 20. Qh4 f5 21. Nce2 Qd6 22.
Nf4 Bd7 23. Nge2 Rae8 24. Qg3 Nc8 25. Ng6 Rf6 26. Qxd6 Nxd6 27. Nef4 Ne6 28. Ne5
Bc8 29. Rhe1 Nc7 30. Rbc1 Nf7 31. Nfg6 Nd6 32. Nf4 Ne6 33. Neg6 Nc7 34. Re2 Bd7
35. Ne5 Bc8 36. Rec2 Nf7 37. Nfg6 Nd8 38. f4 Be6 39. a4 Bf7 40. b4 Bxg6 41. Nxg6
Nf7 42. b5 axb5 43. axb5 Nxb5 44. Bxb5 cxb5 45. Rc8 Re6 46. Rxe8+ Rxe8 47. Rc5
Nd6 48. Rxd5 Rd8 49. Kf3 Kf7 50. g4 fxg4+ 51. Kxg4 b4 52. Rc5 Rc8 53. Ne5+ Ke7
54. Rxc8 Nxc8 55. Kf5 b3 56. Nd3 Nd6+ 57. Kg6 Kf8 58. d5 b5 59. f5 Nc4 60. e4
Ne5+ 61. Nxe5 b2 62. d6 b1=Q 63. d7 Qg1+ 64. Kh7 Ke7 65. Ng6+ Kxd7 66. Kxg7 Qd4+
67. e5 b4 68. f6 b3 69. f7 Qf2 70. f8=Q Qxf8+ 71. Nxf8+ Ke8 72. Ng6 b2 73. e6
b1=Q 74. Kxh6 Qh1 75. Kg5 Qg2+ 76. Kh6 Qf3 77. Kg5 Qe3+ 78. Nf4 Qe5+ 79. Kg4 Qf6
80. Kf3 Ke7 81. Ke4 Kd6 82. e7 Qxe7+ 83. Kf5 Qf7+ 84. Kg5 Ke5 85. Ng6+ Ke4 86.
Nh8 Qf4+ 87. Kg6 Qf5+ 88. Kh6 Ke5 89. Ng6+ Kf6 0-1

[Event "PRO League Group Stage"]
[Site "chess.com INT"]
[Date "2018.02.04"]
[Round "4"]
[White "Vaibhav, Suri"]
[Black "Zhou, Yang-Fan"]
[Result "1-0"]
[WhiteTitle "GM"]
[BlackTitle "IM"]
[WhiteElo "2542"]
[BlackElo "2449"]
[WhiteTeam "Delhi Dynamite"]
[BlackTeam "London Lions"]
[WhiteFideId "5045185"]
[BlackFideId "468584"]
[EventDate "2018.01.18"]

1. d4 Nf6 2. Nf3 g6 3. Nbd2 Bg7 4. e4 d6 5. c3 O-O 6. Be2 c5 7. dxc5 dxc5 8. O-O
Nc6 9. Qc2 Qc7 10. Re1 b6 11. a4 Bb7 12. Bf1 Na5 13. Nc4 Nxc4 14. Bxc4 e6 15. h3
h6 16. Bf1 Kh7 17. Nd2 Nd7 18. a5 Rae8 19. Nc4 b5 20. a6 Bc6 21. Na5 Rb8 22.
Nxc6 Qxc6 23. Bf4 e5 24. Be3 Rb6 25. Ra5 Nb8 26. Rea1 Rd8 27. Qe2 Nxa6 28. Rxb5
Nc7 29. Rxc5 Qb7 30. b4 Rbd6 31. Qc4 R8d7 32. b5 Na8 33. Rc6 Qb8 34. Rxd6 Qxd6
35. Rxa7 Rxa7 36. Bxa7 f5 37. exf5 gxf5 38. Qc8 Nc7 39. Bb8 Qe6 40. Qxc7 1-0

[Event "PRO League Group Stage"]
[Site "chess.com INT"]
[Date "2018.02.04"]
[Round "4"]
[White "Haldorsen, Benjamin"]
[Black "Skoberne, Jure"]
[Result "0-1"]
[WhiteTitle "FM"]
[BlackTitle "GM"]
[WhiteElo "2405"]
[BlackElo "2553"]
[WhiteTeam "Oslo Trolls"]
[BlackTeam "Ljubljana Turtles"]
[WhiteFideId "1512633"]
[BlackFideId "14604299"]
[EventDate "2018.01.18"]

1. b3 c5 2. Bb2 Nf6 3. e3 e6 4. Nf3 b6 5. c4 Bb7 6. Be2 Be7 7. O-O O-O 8. Nc3
Nc6 9. d4 cxd4 10. Nxd4 d6 11. Bf3 Qc8 12. Rc1 Rd8 13. Nd5 exd5 14. cxd5 Nxd4
15. Rxc8 Nxf3+ 16. Qxf3 Raxc8 17. e4 Rc2 18. Bd4 Rdc8 19. a4 Ba6 20. Re1 Re2 21.
Ra1 Nxe4 22. b4 Bf6 23. Bxf6 Nxf6 24. b5 Rce8 25. h3 Bb7 26. Qc3 Nxd5 27. Qg3
Nf6 28. Qxd6 Rxf2 29. Qc7 Rxg2+ 30. Kf1 Ba8 31. Re1 Rf8 32. Qxa7 Nh5 33. Re7 Ra2
34. Ke1 g6 35. Qxb6 Rxa4 36. Qc7 Nf4 37. Rd7 Re8+ 38. Kd2 Ra2+ 39. Kc3 Nd5+ 40.
Rxd5 Bxd5 41. Qd7 Re3+ 42. Kd4 Re4+ 43. Kc5 Be6 44. Qd8+ Kg7 45. b6 Rb2 46. Kc6
Rc4+ 47. Kb7 Rcb4 48. Kc7 Rxb6 49. Qd4+ f6 50. Qc5 Rb7+ 51. Kd8 Rd7+ 52. Ke8
Rb8+ 0-1

[Event "PRO League Group Stage"]
[Site "chess.com INT"]
[Date "2018.02.04"]
[Round "4"]
[White "Haldorsen, Benjamin"]
[Black "Atalik, Suat"]
[Result "0-1"]
[WhiteTitle "FM"]
[BlackTitle "GM"]
[WhiteElo "2405"]
[BlackElo "2538"]
[WhiteTeam "Oslo Trolls"]
[BlackTeam "Amsterdam Mosquitoes"]
[WhiteFideId "1512633"]
[BlackFideId "14401487"]
[EventDate "2018.01.18"]

1. b3 d5 2. Bb2 Nf6 3. e3 g6 4. c4 Bg7 5. cxd5 O-O 6. Nf3 Nxd5 7. Bxg7 Kxg7 8.
Be2 c5 9. Qc2 b6 10. O-O Bb7 11. d4 cxd4 12. Nxd4 e5 13. Nf3 f6 14. Rd1 Qe7 15.
Nc3 Nxc3 16. Qxc3 Rc8 17. Qd2 Na6 18. Qd7 Rc7 19. Qxe7+ Rxe7 20. Rac1 Nc5 21. b4
Ne4 22. Nd2 Rd8 23. Nxe4 Rxd1+ 24. Bxd1 Bxe4 25. Bb3 f5 26. f3 Bd3 27. Kf2 e4
28. Rc8 b5 29. f4 Rd7 30. Ke1 Kh6 31. h3 Bc4 32. Bxc4 bxc4 33. Rxc4 Rd3 34. Ke2
Ra3 35. Rc2 Kh5 36. b5 Kh4 37. Kf2 h6 38. Rb2 g5 39. Re2 g4 40. hxg4 Kxg4 41. g3
Kh3 42. Rb2 Kh2 43. Rc2 h5 44. Rb2 Ra5 45. Kf1+ Kxg3 46. Kg1 Kf3 47. Kh2 Kxe3
48. Kg3 h4+ 49. Kxh4 Kxf4 50. Rf2+ Ke3 51. Rxf5 Rxa2 52. Kg3 Ra1 53. Rf7 Ke2 54.
Rf2+ Kd3 55. Rf8 e3 56. Rd8+ Ke2 57. Kg2 Ra4 58. Rd7 Ke1 59. Kf3 e2 60. Rh7 Ra3+
61. Ke4 Kd2 62. Rd7+ Kc2 63. Rc7+ Kb2 0-1

[Event "PRO League Group Stage"]
[Site "chess.com INT"]
[Date "2018.02.04"]
[Round "4"]
[White "Haldorsen, Benjamin"]
[Black "Stefansson, Hannes"]
[Result "1/2-1/2"]
[WhiteTitle "FM"]
[BlackTitle "GM"]
[WhiteElo "2405"]
[BlackElo "2523"]
[WhiteTeam "Oslo Trolls"]
[BlackTeam "Reykjavik Puffins"]
[WhiteFideId "1512633"]
[BlackFideId "2300087"]
[EventDate "2018.01.18"]

1. e4 c5 2. Nf3 e6 3. b3 a6 4. Bb2 b5 5. d4 cxd4 6. Nxd4 Bb7 7. Bd3 Nf6 8. Nd2
d5 9. Qe2 Nbd7 10. e5 Ng8 11. O-O Nc5 12. f4 g6 13. f5 Bh6 14. fxe6 Nxe6 15.
Nxe6 fxe6 16. Nf3 Ne7 17. Nd4 Qb6 18. Kh1 Rf8 19. Rxf8+ Bxf8 20. a4 bxa4 21.
Rxa4 Bg7 22. h3 Kd7 23. Nf3 Nf5 24. Bxf5 gxf5 25. Rh4 h6 26. Nd4 Rf8 27. Rf4 a5
28. Nxf5 Rxf5 29. Rxf5 exf5 30. e6+ Qxe6 31. Qxe6+ Kxe6 32. Bxg7 h5 33. Bc3 d4
34. Bxd4 Be4 35. Bc3 Bxc2 36. Bxa5 1/2-1/2